<?xml version="1.0" encoding="UTF-8"?><?xml-stylesheet type="text/xsl" href="static/style.xsl"?><OAI-PMH xmlns="http://www.openarchives.org/OAI/2.0/" xmlns:xsi="http://www.w3.org/2001/XMLSchema-instance" xsi:schemaLocation="http://www.openarchives.org/OAI/2.0/ http://www.openarchives.org/OAI/2.0/OAI-PMH.xsd"><responseDate>2026-04-17T01:27:39Z</responseDate><request verb="GetRecord" identifier="oai:www.recercat.cat:2445/172182" metadataPrefix="marc">https://recercat.cat/oai/request</request><GetRecord><record><header><identifier>oai:recercat.cat:2445/172182</identifier><datestamp>2025-12-04T19:35:38Z</datestamp><setSpec>com_2072_1057</setSpec><setSpec>col_2072_478813</setSpec><setSpec>col_2072_478917</setSpec></header><metadata><record xmlns="http://www.loc.gov/MARC21/slim" xmlns:dcterms="http://purl.org/dc/terms/" xmlns:xsi="http://www.w3.org/2001/XMLSchema-instance" xmlns:doc="http://www.lyncode.com/xoai" xsi:schemaLocation="http://www.loc.gov/MARC21/slim http://www.loc.gov/standards/marcxml/schema/MARC21slim.xsd">
   <leader>00925njm 22002777a 4500</leader>
   <datafield ind2=" " ind1=" " tag="042">
      <subfield code="a">dc</subfield>
   </datafield>
   <datafield ind2=" " ind1=" " tag="720">
      <subfield code="a">Salim, Hiba</subfield>
      <subfield code="e">author</subfield>
   </datafield>
   <datafield ind2=" " ind1=" " tag="720">
      <subfield code="a">Giménez López, Estela</subfield>
      <subfield code="e">author</subfield>
   </datafield>
   <datafield ind2=" " ind1=" " tag="720">
      <subfield code="a">Sanz Nebot, María Victoria</subfield>
      <subfield code="e">author</subfield>
   </datafield>
   <datafield ind2=" " ind1=" " tag="720">
      <subfield code="a">Benavente Moreno, Fernando J. (Julián)</subfield>
      <subfield code="e">author</subfield>
   </datafield>
   <datafield ind2=" " ind1=" " tag="260">
      <subfield code="c">2020-11-20T09:14:37Z</subfield>
   </datafield>
   <datafield ind2=" " ind1=" " tag="260">
      <subfield code="c">2021-10-06T05:10:20Z</subfield>
   </datafield>
   <datafield ind2=" " ind1=" " tag="260">
      <subfield code="c">2020-10-06</subfield>
   </datafield>
   <datafield ind2=" " ind1=" " tag="260">
      <subfield code="c">2020-11-20T09:14:37Z</subfield>
   </datafield>
   <datafield ind2=" " ind1=" " tag="520">
      <subfield code="a">The use of ionic matrices (IMs) was evaluated as an alternative to conventional matrices to analyze microRNAs (miRNAs) by matrix-assisted laser desorption/ionization mass spectrometry (MALDI-MS). 2, 4, 6-Trihydroxyacetophenone (THAP), 6-aza-2-thiothymine (ATT) and 3-hydroxypicolinic acid (3-HPA) and their IMs with pyridine (PYR) and butylamine (BA) were studied to analyze a standard mixture of miRNAs: miR-21, let-7g and iso-miR-16. Among all the studied matrices, ATT-PYR at 75 mg/mL in acetonitrile (MeCN):H2O (50:50, v/v) was selected as the optimal. Furthermore, addition of ammonium citrate dibasic (AC) as signal enhancer was mandatory to obtain an appropriate miRNA detection. ATT-PYR provided the best sensitivity, with limit of detection (LOD) up to 5 nM (equivalent to 1 fmol in the spot) and excellent spot-to-spot repeatability due to the improved homogeneity of the spots compared to the conventional matrices. The applicability of the established method to direct, multiplex and untargeted analysis of miRNAs in serum samples was also investigated.</subfield>
   </datafield>
   <datafield tag="653" ind2=" " ind1=" ">
      <subfield code="a">Espectrometria de masses</subfield>
   </datafield>
   <datafield tag="653" ind2=" " ind1=" ">
      <subfield code="a">Marcadors bioquímics</subfield>
   </datafield>
   <datafield tag="653" ind2=" " ind1=" ">
      <subfield code="a">Mass spectrometry</subfield>
   </datafield>
   <datafield tag="653" ind2=" " ind1=" ">
      <subfield code="a">Biochemical markers</subfield>
   </datafield>
   <datafield ind2="0" ind1="0" tag="245">
      <subfield code="a">Ionic matrices for matrix-assisted laser desorption/ionization mass spectrometry analysis of microRNA biomarkers</subfield>
   </datafield>
</record></metadata></record></GetRecord></OAI-PMH>